Medical Statistics made easy (Record no. 798)

MARC details
000 -LEADER
fixed length control field 00559nam a22002177a 4500
003 - CONTROL NUMBER IDENTIFIER
control field OSt
005 - DATE AND TIME OF LATEST TRANSACTION
control field 20250916020003.0
008 - FIXED-LENGTH DATA ELEMENTS--GENERAL INFORMATION
fixed length control field 141201b xxu||||| |||| 00| 0 eng d
020 ## - INTERNATIONAL STANDARD BOOK NUMBER
International Standard Book Number 9781904842552
040 ## - CATALOGING SOURCE
Transcribing agency DNLM
082 ## - DEWEY DECIMAL CLASSIFICATION NUMBER
Classification number W 80 H24m 2008
100 ## - MAIN ENTRY--PERSONAL NAME
Personal name Harris M.; Taylor G.
9 (RLIN) 2148
245 ## - TITLE STATEMENT
Title Medical Statistics made easy
250 ## - EDITION STATEMENT
Edition statement 2nd ed.
260 ## - PUBLICATION, DISTRIBUTION, ETC. (IMPRINT)
Place of publication, distribution, etc. U K :
Name of publisher, distributor, etc. Scion ;
Date of publication, distribution, etc. 2008
300 ## - PHYSICAL DESCRIPTION
Extent xii, 115 p :
Other physical details ill ;
Dimensions 27 cm.
504 ## - BIBLIOGRAPHY, ETC. NOTE
Bibliography, etc includes index
650 ## - SUBJECT ADDED ENTRY--TOPICAL TERM
Topical term or geographic name as entry element Epidemiology
9 (RLIN) 324
650 ## - SUBJECT ADDED ENTRY--TOPICAL TERM
Topical term or geographic name as entry element Medical statistics
9 (RLIN) 1389
942 ## - ADDED ENTRY ELEMENTS (KOHA)
Source of classification or shelving scheme Other/Generic Classification Scheme
Koha item type Short Loan
Koha issues (borrowed), all copies 3
Holdings
Withdrawn status Lost status Source of classification or shelving scheme Damaged status Not for loan Home library Current library Date acquired Source of acquisition Inventory number Total Checkouts Full call number Barcode Date last seen Date last checked out Koha item type
    Other/Generic Classification Scheme     MUST Main Library MUST Main Library 01/12/2014   09/31495 3 W 80 H24m 2008 2014-3423 13/10/2025 15/09/2025 Short Loan
    Other/Generic Classification Scheme     MUST Main Library MUST Main Library 01/12/2014   08/31087   W 80 H24m 2008 2014-3424 01/12/2014   Short Loan